Philippine General Knowledge - Statistics

General Stats
  • This quiz has been taken 210 times
    176 since last reset
  • The average score is 8 of 10
Answer Stats
Question Answer % Correct
What is the Philippine currency? Peso
100%
What is the official language of the Philippines? Filipino
98%
What is the smallest volcano in the Philippines? Taal Volcano
91%
What is the highest mountain in the Philippines? (2954 m) Mt. Apo
86%
What is the largest island in the Philippines? Luzon
82%
Philippines is consist of how many islands? (according to NAMRIA 2017) 7641
76%
What is the smallest primate in the Philippines? Philippine Tarsier
65%
What is the longest river in Philippines? Cagayan River
61%
What is the largest province in the Philippines? (in terms of land area) Palawan
54%
What is the largest lake in the Philippines? Laguna de Bay
52%
No matching quizzes found
Score Distribution
Percent of People with Each Score
Percentile by Number Answered
Your Score History
You have not taken this quiz since the last reset